Código procesal penal de la Provincia de Buenos Aires : con legislación complementaria /
Guardado en:
| Formato: | Libro |
|---|---|
| Idioma: | Spanish |
| Publicado: |
Buenos Aires :
Erreius,
2018.
|
| Edición: | 1a. ed. |
| Materias: | |
| Etiquetas: |
Agregar Etiqueta
Sin Etiquetas, Sea el primero en etiquetar este registro!
|
| LEADER | 00576nam a22001695a 4500 | ||
|---|---|---|---|
| 001 | DER.der013767 | ||
| 008 | 181129s2018####ag#||||||||||||||#||spa|| | ||
| 005 | 20251022122452.0 | ||
| 245 | 1 | 0 | |a Código procesal penal de la Provincia de Buenos Aires : |b con legislación complementaria / |c Argentina. |
| 250 | |a 1a. ed. | ||
| 260 | |a Buenos Aires : |b Erreius, |c 2018. | ||
| 300 | |a 357 p. | ||
| 020 | |a 9789874405364 | ||
| 240 | 1 | 0 | |a Argentina - Códigos |
| 650 | 7 | |a DERECHO PROCESAL PENAL | |
| 859 | |a DERECHO |b BIB. DERECHO |h 345.05 |i BUE |p 008841 | ||
| 859 | |a DERECHO |b BIB. DERECHO |h 345.05 |i BUE |p 008842 |t 1 | ||
